000 00445nam a2200181Ia 4500
001 16903
005 20260306170345.0
008 260306t2024||||xx |||||||||||||| ||und||
041 _aESP
082 _a657.3
_bF64A
100 _aFlores Soria, Jaime,
_eAUT
245 0 _aAnálisis financiero en el entorno empresarial
260 _c2024
300 _a783 páginas :
_c25 cm.
650 _aGEN
654 _aCCO
942 _cLIB
_dJUS
_fJUS
_2ddc
_n
999 _c16903
_d16903